000 00684nam a22002177a 4500
003 OSt
005 20150826140639.0
008 130422t xxu||||| |||| 00| 0 eng d
020 _a9717250170
050 _aH 62
_b.M297 1997
082 _aFIL 301
_bM32 1997
100 _aMaquiso, Teresita R.
245 _aSocio--anthro :
_ban introduction to the social sciences /
_cTeresite R. Maquiso.
260 _aMakati City :
_bGrandwater Publications and Research Corporation,
_c1997
300 _axvii, 291 pages :
_billustrations ;
_c28 cm.
500 _aIncludes bibliographical references.
526 _c1210L-1700L
562 _e1
942 _2lcc
_cBK
_kFIL
999 _c2862
_d2862